000 00660nam a2200241Ia 4500
003 OSt
005 20221007072538.0
006 a|||||r|||| 00| 0
007 ta
008 221006b |||||||| |||| 00| 0 eng d
024 _a24,396
037 _cTextual
040 _aFLL
_cFLL
_beng
041 _2eng
_aeng
082 _aZ3,2675, L8
100 _aWhite T.A. Blanco
_9690315
245 0 _aPatents, trademarks, copyright and industrial designs
250 _a2nd
260 _aLondon
_bSweet & Maxwell Limited UK
_c1978
300 _axiii,178p
_ccm.
942 _hZ3,2675, L8
_cTEXL
_2CC
999 _c1146378
_d1146378